MARC

LEADER 00000nam0a2200000 4500
001 356472
005 20231102010909.0
035 |a (RuTPU)RU\TPU\retro\13732 
090 |a 356472 
100 |a 20200721d1936 m y0rusy50 ca 
101 0 |a rus 
102 |a RU 
105 |a y z 000zb 
200 1 |a Клара Цеткин  |e из жизни великого борца за международную пролетарскую солидарность  |e пер.с нем.  |f В. Пик 
210 |a Москва  |c Издательство ЦК МОПР СССР  |d 1936 
215 |a 64 с. 
600 1 |a Цеткин  |b К.  |c деятель германского и международного рабочего движения  |f 1857-1933  |g Клара  |2 stltpush  |3 (RuTPU)RU\TPU\pers\13096  |9 3783 
606 1 |a Германия  |x История  |2 stltpush  |3 (RuTPU)RU\TPU\subj\67641  |9 83362 
610 1 |a революционное движение 
610 1 |a международное рабочее движение 
610 1 |a политические деятели 
610 1 |a женщины-коммунистки 
610 1 |a 20 век 
686 |a Т3(4Гем)  |v LBC/SL-A  |2 rubbk 
700 1 |a Пик  |b В.  |g Вильгельм 
702 1 |a Бельская  |b М.  |4 340 
801 1 |a RU  |b 63413507  |c 20200721 
801 2 |a RU  |b 63413507  |c 20200729  |g RCR 
942 |c BK